Loading...
| Literature - American Literature | 0 | 6 | 1 | 2 | 55 | 40 | 132.50 | 1 | 1 |
| Literature - World Literature | 0 | 6 | 2 | 2 | 50 | 126 | 146.67 | 0 | 0 |
| History - American History | 0 | 4 | 0 | 0 | 40 | 54 | 110.75 | 0 | 1 |
| Literature - European Literature | 0 | 4 | 1 | 1 | 35 | 133 | 147.50 | 0 | 0 |
| Fine Arts - Other Fine Arts | 0 | 4 | 1 | 1 | 35 | 85 | 116.00 | 0 | 0 |
| Mythology | 0 | 3 | 0 | 0 | 30 | 105 | 114.00 | 0 | 0 |
| Science - Biology | 0 | 3 | 0 | 0 | 30 | 85 | 105.67 | 0 | 1 |
| Social Science | 0 | 2 | 0 | 0 | 20 | 107 | 120.00 | 0 | 1 |
| History - World History | 0 | 2 | 0 | 0 | 20 | 94 | 113.50 | 0 | 0 |
| Literature - British Literature | 0 | 2 | 0 | 0 | 20 | 119 | 123.00 | 0 | 0 |
| Philosophy | 0 | 2 | 0 | 1 | 20 | 131 | 139.00 | 0 | 0 |
| Science - Physics | 0 | 1 | 0 | 0 | 10 | 115 | 115.00 | 0 | 0 |
| Geography | 0 | 1 | 0 | 0 | 10 | 144 | 144.00 | 0 | 0 |
| Fine Arts - Painting & Sculpture | 0 | 1 | 0 | 0 | 10 | 85 | 85.00 | 1 | 1 |
| Fine Arts - Classical Music | 0 | 1 | 0 | 0 | 10 | 130 | 130.00 | 0 | 0 |
| Science - Chemistry | 0 | 1 | 0 | 0 | 10 | 130 | 130.00 | 0 | 0 |
| History - Other History | 0 | 1 | 0 | 1 | 10 | 148 | 148.00 | 0 | 0 |
| History - European History | 0 | 1 | 1 | 0 | 5 | 119 | 119.00 | 0 | 0 |
| Other Academic | 0 | 1 | 1 | 1 | 5 | 146 | 146.00 | 0 | 0 |
| Current Events | 0 | 1 | 1 | 0 | 5 | 103 | 103.00 | 0 | 0 |
| Science - Other Science | 0 | 0 | 0 | 0 | 0 | 0.00 | 0 | 0 |